Urban Focus (Record no. 118614)
[ view plain ]
| 000 -LEADER | |
|---|---|
| fixed length control field | 00562cas a22002175a 4500 |
| 001 - CONTROL NUMBER | |
| control field | L374 |
| 008 - FIXED-LENGTH DATA ELEMENTS--GENERAL INFORMATION | |
| fixed length control field | 070626d19921997xxkqr p 0 a0eng |
| 022 ## - INTERNATIONAL STANDARD SERIAL NUMBER | |
| International Standard Serial Number | 09674764 |
| 035 ## - SYSTEM CONTROL NUMBER | |
| System control number | (Sirsi) u98996 |
| 041 ## - LANGUAGE CODE | |
| Language code of text/sound track or separate title | eng |
| 110 2# - MAIN ENTRY--CORPORATE NAME | |
| Corporate name or jurisdiction name as entry element | Civic Trust |
| 9 (RLIN) | 2280 |
| 245 ## - TITLE STATEMENT | |
| Title | Urban Focus |
| Remainder of title | The Newsletter of the Civic Trust |
| 260 ## - PUBLICATION, DISTRIBUTION, ETC. | |
| Place of publication, distribution, etc. | London |
| Name of publisher, distributor, etc. | Civic Trust |
| Date of publication, distribution, etc. | 1992-[1997] |
| 362 0# - DATES OF PUBLICATION AND/OR SEQUENTIAL DESIGNATION | |
| Dates of publication and/or sequential designation | June 1992-Autumn 1995 |
| 554 ## - | |
| -- | Four per year |
| 651 #4 - SUBJECT ADDED ENTRY--GEOGRAPHIC NAME | |
| Geographic name | United Kingdom |
| Chronological subdivision | |
| 690 ## - LOCAL SUBJECT ADDED ENTRY--TOPICAL TERM (OCLC, RLIN) | |
| Topical term or geographic name as entry element | BUILT ENVIRONMENT |
| 780 00 - PRECEDING ENTRY | |
| Title | Heritage Outlook |
| 942 ## - ADDED ENTRY ELEMENTS (KOHA) | |
| Suppress in OPAC | 0 |
| 948 ## - LOCAL PROCESSING INFORMATION (OCLC); SERIES PART DESIGNATOR (RLIN) | |
| c (OCLC) | 03/02/1995 |
| Withdrawn status | Lost status | Source of classification or shelving scheme | Damaged status | Not for loan | Home library | Current library | Shelving location | Date acquired | Total Checkouts | Full call number | Barcode | Date last seen | Price effective from | Koha item type |
|---|---|---|---|---|---|---|---|---|---|---|---|---|---|---|
| Other/Generic Classification Scheme | London | London | Basement | 26/06/2007 | URBAN FOCUS | 98996-1001 | 06/08/2019 | 06/08/2019 | Journal |